| 000 | 00839cam a22002417i 4500 | ||
|---|---|---|---|
| 003 | OSt | ||
| 005 | 20230707100229.0 | ||
| 008 | 150515s2015 caua b 001 0 eng d | ||
| 020 | _a9781446203187 | ||
| 040 | _cNIRUC | ||
| 050 | 0 | 0 |
_aQ180.55 _b.M3S24 2015 |
| 245 | 0 | 4 |
_aThe Sage handbook of research management / _cedited by Robert Dingwall and Mary Byrne McDonnell |
| 260 |
_aLos Angeles _bSage reference _c2015 |
||
| 300 |
_axxi, 631 p. : _bill. ; _c26 cm |
||
| 504 | _aIncludes bibliographical references | ||
| 650 | 0 |
_aResearch _xManagement _vHandbooks, manuals, etc. |
|
| 650 | 7 |
_aResearch _xManagement |
|
| 655 | 7 | _aHandbooks and manuals | |
| 700 | 1 |
_aDingwall, Robert _eeditor |
|
| 700 | 1 |
_aMcDonnell, Mary Byrne _eeditor |
|
| 942 |
_2lcc _cREF _n0 |
||
| 999 |
_c420 _d420 |
||